000 00753nam a2200217Ii 4500
003 JO-AjNU
008 230605s9999||||xx |||||||||||||| ||und||
017 _a2008/6/1972
040 _aJO-AjNU
_bara
_erda
_cJO-AjNU
041 _aara
050 1 4 _aHG3851.L88.2009
100 3 _aلطفي،بشر محمد موفق,
_eauthor
_930674
245 0 0 _aالتداول الالكتروني للعملات طرقة الدولية واحكامة الشرعية
250 _aط1
264 3 1 _aعمان:دار النفائس للنشر والتوزيع،2009
300 _a230ص
336 _atext
_btxt
_2rdacontent
337 _aunmediated
_bn
_2rdamedia
338 _avolume
_bnc
_2rdacarrier
650 4 _aالمعاملات (فقه إسلامي) 
_930675
999 _aA12188
_c15756
_d15756